عرض عادي عرض مارك
  • الجواري مناضل

مدخل إسم شخص

عدد التسجيلات المستخدمة في: 11

001 - رقم الضبط

  • حقل الضبط: 9694

003 - معرف رقم الضبط

  • حقل الضبط: OSt

005 - تاريخ ووقت أخر عملية

  • حقل الضبط: 20120226110604.0

008 - عناصر بيانات ثابتة الطول

  • حقل تحكم ثابت الطول: 120226|||a|||||| | ||| d

040 ## - مصدر الفهرسة

  • هيئة الفهرسة الأصلية: OSt
  • وكالة الكتابة: OSt

100 ## - مدخل -- أسم شخص

  • إسم شخص: الجواري مناضل

670 ## - بيانات المصدر موجوده

  • الاستشهاد بالمصدر: Work cat.: (OSt): الجواري مناضل, الاقتصاد الرياضي, 2010